ARRUPE JESUIT UNIVERSITY

CORONAVIRUS -STOP THE SPREAD - CLEAN,DISINFECT,COVER

The Napoleonic empire / (Record no. 128165)

MARC details
000 -LEADER
fixed length control field 01865cam a2200397 a 4500
001 - CONTROL NUMBER
control field 13030368
003 - CONTROL NUMBER IDENTIFIER
control field ARRUPE
005 - DATE AND TIME OF LATEST TRANSACTION
control field 20180914112513.0
008 - FIXED-LENGTH DATA ELEMENTS--GENERAL INFORMATION
fixed length control field 021213s2003 enkb b 001 0deng
010 ## - LIBRARY OF CONGRESS CONTROL NUMBER
LC control number 2002044805
020 ## - INTERNATIONAL STANDARD BOOK NUMBER
International Standard Book Number 0333990056 (pbk.)
040 ## - CATALOGING SOURCE
Original cataloging agency DLC
Transcribing agency DLC
Modifying agency DLC
042 ## - AUTHENTICATION CODE
Authentication code pcc
043 ## - GEOGRAPHIC AREA CODE
Geographic area code e------
-- e-fr---
050 00 - LIBRARY OF CONGRESS CALL NUMBER
Classification number DC203.9
Item number .E45 2003
082 00 - DEWEY DECIMAL CLASSIFICATION NUMBER
Classification number 940.2/7
Edition number 21
300 ## - PHYSICAL DESCRIPTION
Other physical details maps ;
Dimensions 22 cm.
100 1# - MAIN ENTRY--PERSONAL NAME
Personal name Ellis, Geoffrey James.
9 (RLIN) 42191
245 14 - TITLE STATEMENT
Title The Napoleonic empire /
Statement of responsibility, etc Geoffrey Ellis.
250 ## - EDITION STATEMENT
Edition statement 2nd. ed.
260 ## - PUBLICATION, DISTRIBUTION, ETC. (IMPRINT)
Place of publication, distribution, etc Houndmills, Basingstoke, Hampshier ;
-- New York :
Name of publisher, distributor, etc Palgrave Macmillan,
Date of publication, distribution, etc 2003.
300 ## - PHYSICAL DESCRIPTION
Extent xiii, 165 p. :
490 1# - SERIES STATEMENT
Series statement Studies in European history
504 ## - BIBLIOGRAPHY, ETC. NOTE
Bibliography, etc Includes bibliographical references (p. 138-156) and index.
600 00 - SUBJECT ADDED ENTRY--PERSONAL NAME
Personal name Napoleon
Numeration I,
Titles and other words associated with a name Emperor of the French,
Dates associated with a name 1769-1821
General subdivision Influence.
9 (RLIN) 42192
600 00 - SUBJECT ADDED ENTRY--PERSONAL NAME
Personal name Napoleon
Numeration I,
Titles and other words associated with a name Emperor of the French,
Dates associated with a name 1769-1821
General subdivision Relations with Europeans.
9 (RLIN) 42193
650 #0 - SUBJECT ADDED ENTRY--TOPICAL TERM
Topical term or geographic name as entry element Continental System (Economic blockade)
9 (RLIN) 42194
650 #0 - SUBJECT ADDED ENTRY--TOPICAL TERM
Topical term or geographic name as entry element Napoleonic Wars, 1800-1815
General subdivision Economic aspects.
9 (RLIN) 42195
651 #0 - SUBJECT ADDED ENTRY--GEOGRAPHIC NAME
Geographic name France
General subdivision History
Chronological subdivision Consulate and First Empire, 1799-1815.
9 (RLIN) 19197
651 #0 - SUBJECT ADDED ENTRY--GEOGRAPHIC NAME
Geographic name Europe
General subdivision History
Chronological subdivision 1789-1815.
9 (RLIN) 34614
651 #0 - SUBJECT ADDED ENTRY--GEOGRAPHIC NAME
Geographic name France
General subdivision Kings and rulers
Form subdivision Biography
General subdivision History and criticism.
9 (RLIN) 42196
830 #0 - SERIES ADDED ENTRY--UNIFORM TITLE
Uniform title Studies in European history (Basingstoke, England)
9 (RLIN) 896
856 42 - ELECTRONIC LOCATION AND ACCESS
Materials specified Contributor biographical information
Uniform Resource Identifier <a href="http://www.loc.gov/catdir/bios/hol053/2002044805.html">http://www.loc.gov/catdir/bios/hol053/2002044805.html</a>
856 42 - ELECTRONIC LOCATION AND ACCESS
Materials specified Publisher description
Uniform Resource Identifier <a href="http://www.loc.gov/catdir/description/hol041/2002044805.html">http://www.loc.gov/catdir/description/hol041/2002044805.html</a>
856 41 - ELECTRONIC LOCATION AND ACCESS
Materials specified Table of contents
Uniform Resource Identifier <a href="http://www.loc.gov/catdir/toc/hol041/2002044805.html">http://www.loc.gov/catdir/toc/hol041/2002044805.html</a>
906 ## - LOCAL DATA ELEMENT F, LDF (RLIN)
a 7
b cbc
c orignew
d 1
e ocip
f 20
g y-gencatlg
942 ## - ADDED ENTRY ELEMENTS (KOHA)
Source of classification or shelving scheme Library of Congress Classification
Koha item type Monograph ( Printed materials)
Holdings
Withdrawn status Lost status Source of classification or shelving scheme Damaged status Not for loan Collection code Home library Current library Shelving location Date acquired Total Checkouts Full call number Barcode Date last seen Price effective from Koha item type
    Library of Congress Classification     Main Collection ARRUPE LIBRARY ARRUPE LIBRARY Main Collection 14/09/2018   DC203.9 .E45 2003 46600002018 14/09/2018 14/09/2018 Monograph ( Printed materials)

 

Arrupe Library. PO Box MP320 Mt Pleasant, Harare, Zimbabwe
263 242 745411|librarian@aju.ac.zw